Notas sobre el no reconocimiento de los gobiernos de facto y la política exterior de Costa Rica, especialmente referidas al régimen de Federico Tinoco: 1917-1919

Guardat en:
Dades bibliogràfiques
Autor principal: Cáceres C, Jorge
Format: Text
Publicat: s.l.: s.e.
Etiquetes: Afegir etiqueta
Sense etiquetes, Sigues el primer a etiquetar aquest registre!

MARC

LEADER 00000 a a2200000 04500
001 21643
003
040
090 |a 096400  
100 |a Cáceres C, Jorge  
245 |a Notas sobre el no reconocimiento de los gobiernos de facto y la política exterior de Costa Rica, especialmente referidas al régimen de Federico Tinoco: 1917-1919  
260 |a s.l.:   |b s.e.  
300 |a 102 p  
999 |c 6889  |d 6889